| 000 | 00659 a2200205 4500 | ||
|---|---|---|---|
| 001 | 61739 | ||
| 005 | 20260407155908.0 | ||
| 008 | 260407a1990 arg spa d | ||
| 003 | AR-UNSa-BCEJYS | ||
| 040 |
_aAR-UNSa-BCEJYS _bspa _cAR-UNSa-BCEJYS |
||
| 080 |
_a347.4 _xObligaciones. Contratos. Acuerdos. Convenios |
||
| 245 | 1 | 0 |
_aDerecho civil _pObligaciones. Concepto, naturaleza, elementos, efectos. TeorĂa del incumplimiento |
| 020 | _a978-950-14-0531-6 | ||
| 264 | 1 |
_aBuenos Aires : _bDepalma _c1990 |
|
| 300 |
_axxxii, 532 p. _c23 cm. |
||
| 041 | _aspa | ||
| 942 | _cBK | ||
| 590 | _aniveau_biblio:m niveau_hierar:0 | ||
| 100 | 1 | _aWayar, Ernesto Clemente | |
| 999 |
_c7391 _d7391 |
||